[Event "Challenge"]
[Site "http://www.queenalice.com/game.php?id=373309"]
[Date "2008.3.18"]
[Round "-"]
[White "marcosmc"]
[Black "JhonDie"]
[Result "0-1"]
[WhiteElo "1655"]
[BlackElo "1750"]

1. d4 d5 2. Nf3 Nf6 3. Ne5 Nc6 4. Nxc6 bxc6 5. e3 e6 6. c4 c5 7. Qa4+ Bd7 8. Qb3
c6 9. Bd3 cxd4 10. exd4 c5 11. Be3 Qc7 12. Nc3 Rb8 13. Qa3 cxd4 14. Nb5 Bxb5 15.
b4 Bxc4 16. Bxd4 Bxb4+ 17. Qxb4 Rxb4 18. Bc2 O-O 19. a3 Rbb8 20. Kd2 Qf4+ 21.
Kc3 Ne4+ 22. Bxe4 Qxe4 23. Rad1 Rb3+ 24. Kd2 Qxd4+ 25. Kc1 Qb2# 0-1

[Event "AUTO-INT-864"]
[Site "http://www.queenalice.com/game.php?id=386328"]
[Date "2008.4.12"]
[Round "1"]
[White "pjanderson"]
[Black "marcosmc"]
[Result "1-0"]
[WhiteElo "1715"]
[BlackElo "1633"]

1. d4 d5 2. g3 Nf6 3. Bg5 e6 4. Bxf6 Qxf6 5. Bg2 Nc6 6. a3 Nxd4 7. c3 Nb5 8. a4
Nd6 9. Nf3 Nc4 10. Ra2 c5 11. b3 Ne5 12. Nxe5 Qxe5 13. O-O Bd6 14. a5 f5 15. f4
Qe3+ 16. Kh1 O-O 17. Rf3 Qe4 18. Nd2 Qxf3 19. Nxf3 b5 20. axb6 e5 21. Qxd5+ Kh8
22. Qxa8 e4 23. Ng5 Be7 24. Rxa7 h6 25. Nf7+ Kg8 26. Rxe7 g5 27. Nxh6+ Kh8 28.
b7 1-0

[Event "AUTO-INT-864"]
[Site "http://www.queenalice.com/game.php?id=386329"]
[Date "2008.4.12"]
[Round "1"]
[White "marcosmc"]
[Black "pjanderson"]
[Result "1-0"]
[WhiteElo "1636"]
[BlackElo "1649"]

1. e4 b6 2. d4 Bb7 3. Nc3 Nf6 4. e5 Nd5 5. Nb5 c6 6. c4 Nb4 7. a3 N4a6 8. Nc3 e6
9. Nf3 c5 10. Bg5 Be7 11. Qd2 O-O 12. d5 exd5 13. cxd5 Bxg5 14. Nxg5 Nc7 15. d6
Ne6 16. Nce4 Nc6 17. f4 Ned4 18. Qd3 h6 19. Nf6+ 1-0

[Event "AUTO-INT-864"]
[Site "http://www.queenalice.com/game.php?id=386346"]
[Date "2008.4.12"]
[Round "1"]
[White "marcosmc"]
[Black "Mayaune"]
[Result "0-1"]
[WhiteElo "1653"]
[BlackElo "1615"]

1. d4 d5 2. e3 Nf6 3. Bb5+ c6 4. Bd3 Bg4 5. f3 Bh5 6. g4 Bg6 7. e4 dxe4 8. fxe4
Qxd4 9. g5 Nxe4 10. Qe2 e6 11. Be3 Qxb2 12. Bd4 Qxd4 13. Nh3 Qxa1 14. Qd1 Nc3
15. Nxc3 Qxc3+ 16. Ke2 Bh5+ 0-1

[Event "AUTO-INT-864"]
[Site "http://www.queenalice.com/game.php?id=386347"]
[Date "2008.4.12"]
[Round "1"]
[White "Mayaune"]
[Black "marcosmc"]
[Result "0-1"]
[WhiteElo "1483"]
[BlackElo "1620"]

1. e4 e5 2. Nf3 f6 3. Bc4 Ne7 4. O-O d5 5. Bb3 dxe4 6. Nh4 g5 7. Qh5+ Kd7 8. Qf7
gxh4 9. Qxf6 Rg8 10. Be6+ Kd6 11. Bxc8+ Kc5 12. Qxe5+ Nd5 13. Bxb7 Nc6 14. Bxc6
Kxc6 15. Qe6+ Bd6 16. Qxe4 Re8 17. Qf3 Rf8 18. Qb3 Nb4 19. Qc4+ Kb7 20. Qb3 Rg8
0-1

[Event "AUTO-INT-864"]
[Site "http://www.queenalice.com/game.php?id=386348"]
[Date "2008.4.12"]
[Round "1"]
[White "marcosmc"]
[Black "Corinthians17"]
[Result "0-1"]
[WhiteElo "1593"]
[BlackElo "1442"]

1. e4 e5 2. Nf3 Nc6 3. Bb5 d6 4. d4 Bd7 5. d5 Na5 6. Qe2 Nf6 7. b4 a6 8. Bxd7+
Qxd7 9. bxa5 Qa4 10. Qd2 Nxe4 11. Qd3 Nc5 12. Nc3 Nxd3+ 13. Kd2 Qf4+ 14. Ke2
Nxc1+ 15. Raxc1 e4 16. g3 Qxf3+ 17. Kd2 O-O-O 18. Rhe1 Qxf2+ 19. Re2 e3+ 20. Kd3
Qf5+ 21. Kxe3 Re8+ 22. Kd2 Qg5+ 23. Kd1 g6 24. Rxe8+ Kd7 25. Rb8 Qg4+ 26. Ne2
Qf3 27. c4 Bh6 28. Rc3 Qf1+ 29. Kc2 Qxe2+ 30. Kb3 Qd1+ 31. Rc2 Rxb8 32. h3 b5
0-1

[Event "AUTO-INT-864"]
[Site "http://www.queenalice.com/game.php?id=386349"]
[Date "2008.4.12"]
[Round "1"]
[White "Corinthians17"]
[Black "marcosmc"]
[Result "1-0"]
[WhiteElo "1418"]
[BlackElo "1617"]

1. d4 d5 2. Nc3 Nf6 3. Bf4 Nh5 4. e3 Nxf4 5. exf4 e6 6. Nf3 Bb4 7. Qd2 Nc6 8.
Bb5 Bd7 9. O-O a6 10. Bxc6 Bxc6 11. Ne5 Bb5 12. Rfe1 f6 13. Nd3 Bxd3 14. Qxd3 c5
15. f5 c4 16. Qg3 Bxc3 17. Qxc3 O-O 18. fxe6 Qd6 19. e7 Rfe8 20. a3 Rxe7 21.
Rxe7 Qxe7 22. Qb4 Qxb4 23. axb4 b5 24. Re1 a5 25. bxa5 Rxa5 26. Re8+ Kf7 27. Re1
b4 28. f4 Ra2 29. Rb1 g5 30. fxg5 fxg5 31. Kf2 Kf6 32. Rf1 1-0

[Event "AUTO-OPEN-938"]
[Site "http://www.queenalice.com/game.php?id=392991"]
[Date "2008.4.25"]
[Round "2"]
[White "markus765432"]
[Black "marcosmc"]
[Result "1-0"]
[WhiteElo "2156"]
[BlackElo "1627"]

1. d4 d5 2. c4 Nf6 3. cxd5 Qxd5 4. Nc3 Qc4 5. e4 Qb4 6. a3 Qa5 7. b4 Qb6 8. e5
Bg4 9. f3 Ne4 10. Nxe4 Be6 11. Be3 f5 12. Nc5 Nd7 13. Qc2 a5 14. Nxe6 Qxe6 15.
Bc4 Qb6 16. b5 1-0

[Event "AUTO-OPEN-938"]
[Site "http://www.queenalice.com/game.php?id=392992"]
[Date "2008.4.25"]
[Round "2"]
[White "marcosmc"]
[Black "markus765432"]
[Result "0-1"]
[WhiteElo "1625"]
[BlackElo "2157"]

1. d4 d5 2. e3 Nf6 3. Nf3 e6 4. Ne5 Bd6 5. Bb5+ c6 6. Be2 O-O 7. O-O Nbd7 8. f4
Ne4 9. c4 Qe7 10. Nc3 f5 11. c5 Bxe5 12. Nxe4 Bxd4 13. exd4 dxe4 14. Qb3 Nf6 15.
a4 Rb8 0-1

[Event "AUTO-OPEN-938"]
[Site "http://www.queenalice.com/game.php?id=392999"]
[Date "2008.4.25"]
[Round "2"]
[White "Rgbug"]
[Black "marcosmc"]
[Result "1-0"]
[WhiteElo "2055"]
[BlackElo "1635"]

1. e4 d5 2. exd5 Qxd5 3. Nc3 Qd6 4. Nb5 Qe5+ 5. Qe2 Nc6 6. Qxe5 Nxe5 7. Nxc7+
Kd7 8. Nxa8 Nf6 9. d4 Neg4 10. f3 Nh6 11. Bf4 Nf5 12. Bb5+ Kd8 13. Bc7# 1-0

[Event "AUTO-OPEN-938"]
[Site "http://www.queenalice.com/game.php?id=393000"]
[Date "2008.4.25"]
[Round "2"]
[White "marcosmc"]
[Black "Rgbug"]
[Result "0-1"]
[WhiteElo "1619"]
[BlackElo "2066"]

1. d4 e6 2. e4 d5 3. exd5 Qxd5 4. Nc3 Bb4 5. Bd2 Qxd4 6. Bb5+ c6 7. Nf3 Qb6 8.
Ba4 Bc5 9. Qe2 Nf6 10. Bg5 Qxb2 11. Kd2 Bb4 12. Qd3 Qxc3+ 13. Qxc3 Ne4+ 14. Kd3
Nxc3 15. Bb3 Nb5 16. Ne5 f6 17. Ba4 fxg5 18. g4 Bc3 0-1

[Event "AUTO-OPEN-938"]
[Site "http://www.queenalice.com/game.php?id=393003"]
[Date "2008.4.25"]
[Round "2"]
[White "yanpom"]
[Black "marcosmc"]
[Result "1-0"]
[WhiteElo "1928"]
[BlackElo "1623"]

1. e4 d5 2. e5 d4 3. d3 Be6 4. Nf3 c5 5. c3 Qa5 6. Bd2 Nc6 7. cxd4 Nb4 8. a3
Nxd3+ 9. Bxd3 Qb6 10. dxc5 Qxc5 11. Be3 Qd5 12. O-O a6 13. Nc3 Qd7 14. Bc2 Nh6
15. Bxh6 gxh6 16. Qxd7+ Bxd7 17. Ba4 b5 18. Bb3 h5 19. Ng5 e6 20. Nce4 Bg7 21.
Nd6+ Ke7 22. Ngxf7 Rhf8 23. f4 Bc6 24. Ng5 h6 25. Nxe6 Rh8 26. Nxg7 h4 27. Ngf5+
Kd7 28. Nxh4 a5 29. Rad1 Kc7 30. Nhf5 1-0

[Event "AUTO-OPEN-938"]
[Site "http://www.queenalice.com/game.php?id=393004"]
[Date "2008.4.25"]
[Round "2"]
[White "marcosmc"]
[Black "yanpom"]
[Result "0-1"]
[WhiteElo "1631"]
[BlackElo "1926"]

1. d4 d5 2. e3 Bf5 3. g4 Be4 4. f3 Bg6 5. e4 dxe4 6. Be3 exf3 7. Nxf3 e6 8. Ne5
Nd7 9. Bb5 c6 10. Nxg6 hxg6 11. g5 cxb5 12. Nc3 a6 13. Qf3 Qc7 14. d5 Ne5 15.
Qf4 Bc5 16. Ke2 Bxe3 17. Qxe3 Qc4+ 18. Ke1 Qc7 19. Qe4 O-O-O 20. Rd1 Ne7 21.
dxe6 fxe6 22. b3 Qxc3+ 23. Ke2 Rxd1 24. Rxd1 Rxh2+ 25. Kf1 Qh3+ 26. Ke1 Nf3+ 0-1